01136cam a22002891 4500001001300000003000400013005001700017008004100034010001700075035002000092040002500112042001200137043002100149050002700170051001800197082001300215100002700228245006400255260007100319300002800390490005500418500003900473501017500512650004600687650004600733830006700779e 50000034 DLC20260227111234.0900625s1950 dcu 000 0 eng  ae 50000034  a(OCoLC)21915951 aDLCcMiEMdOrPSdDLC apremarc an-us---ae-uk---00aL111b.A6 1950, no. 10 aLB2285.G7bS600a371.14251 aSmith, Paul E.,d1910-10aTeachers abroad,bexchange program with the United Kingdom. aWashington,bFederal Security Agency,bOffice of Education,c1950. a40 p.,billus.,c23 cm.1 a[U.S. Office of Education] Bulletin, 1950,vno. 10 a"Selected reading list": p. 37-40. aCopies 1 and 2 of L111.A6 with: 102 motion pictures on democracy / Seerley Reid. Washington : U.S. Govt. Print. Off., 1950. Bound together subsequent to publication.5DLC 0aTeacher exchange programszGreat Britain. 0aTeacher exchange programszUnited States. 0aBulletin (United States. Office of Education) ;v1950, no. 10.